000 00504nam a2200169 4500
001 136747
003 ES-MaACL
005 20250713063712.0
007 t|
008 070214s1956 sp r ||||1| spa d
100 1 _aSagarra, Josep M. de,
_d1894-1961
_9101415
245 1 3 _aEl poema de Montserrat /
_cJosep M. de Sagarra.
260 _aBarcelona :
_bAlpha,
_c1956.
300 _a506 p., 1 lám. :
_b`retr. aut` ;
_c23 cm.
852 _aES-MaACL
_jC-10222
_bR.38748
999 _c136747
_d136747